Schafik Hándal por la senda revolucionaria
En el libro se trata de perfilar parte de las actividades sociales y políticas de la izquierda en su conjunto, en El Salvador, desempeñando su papel de guía orientadora del pueblo en constante enfrentamiento político e ideológico contra el régimen económico-político. En se segundo lugar se expone, a...
Guardado en:
| 主要作者: | |
|---|---|
| 格式: | Texto |
| 出版: |
San Salvador:
Editorial Memoria No. 12
|
| 主題: | |
| 標簽: |
添加標簽
沒有標簽, 成為第一個標記此記錄!
|
MARC
| LEADER | 00000 a a2200000 04500 | ||
|---|---|---|---|
| 001 | 37345 | ||
| 003 | |||
| 040 | |||
| 020 | |a 978-99923-808-6-4 | ||
| 090 | |a 1007 C212s | ||
| 100 | |a Canales, Tirso | ||
| 245 | |a Schafik Hándal por la senda revolucionaria | ||
| 260 | |a San Salvador: |b Editorial Memoria No. 12 | ||
| 300 | |a 260 p. |b il. | ||
| 520 | |a En el libro se trata de perfilar parte de las actividades sociales y políticas de la izquierda en su conjunto, en El Salvador, desempeñando su papel de guía orientadora del pueblo en constante enfrentamiento político e ideológico contra el régimen económico-político. En se segundo lugar se expone, a través de hechos históricos, la persistencia y tenacidad de la lucha social y política del pueblo como tercer aspecto se destaca la variedad de formas de lucha utilizadas por el pueblo participativo consciente en cuarto lugar se señala la riqueza de contenidos políticos y culturales manejados por la conciencia politizada. Como aspecto cinco el autor se refiere a la capacidad de búsqueda y descubrimiento del tipo de organizaciones socio-políticas adecuadas para el cumplimiento del cometido político, entre otros temas | ||
| 650 | |a POLITICA | ||
| 650 | |a MOVIMIENTOS SOCIALES | ||
| 650 | |a HISTORIA | ||
| 650 | |a PARTIDOS POLITICOS | ||
| 650 | |a EL SALVADOR | ||
| 999 | |c 10252 |d 10252 | ||



